| 000 | 00999nam a2200277 a 4500 | ||
|---|---|---|---|
| 001 | 000027108 | ||
| 003 | DO-SdBPM | ||
| 005 | 20250123091706.0 | ||
| 007 | 000027108 | ||
| 008 | 110329s2003 dr a 000 p spa d | ||
| 020 | _a9993499005 | ||
| 040 |
_aDO-SdBPM _bspa _cBPMSU |
||
| 082 | 4 |
_aRD86.5 _bB142d 2003 _222 |
|
| 100 | 1 |
_aBaéz Ureña, José Enrique, _d1962- |
|
| 245 | 1 | 0 |
_aDidáctica del alma : _b(Versos y conversaciones entre mi niño y yo) / _cJosé Enrique Baéz Ureña, José Enrique Báez Jr. ; prólogo Bruno Rosario Candelier ; presentación Higinio Báez. |
| 260 |
_aSanto Domingo : _bBam´s Color, _c2003. |
||
| 300 |
_a63 p. : _bil. ; _c2003. |
||
| 590 | _aInventariado, 2025/VM | ||
| 650 | 4 | _a Poesías infantiles dominicanas | |
| 650 | 4 |
_aPadres e hijos _vPoesías infantiles |
|
| 700 | 1 |
_aBáez Jr., José Enrique, _d1996- |
|
| 700 | 1 |
_aRosario Candelier, Bruno _epról. |
|
| 700 | 1 | _aBáez, Higinio | |
| 910 | _aVMateo V. Control de calidad. BPMSU | ||
| 942 |
_2ddc _cBK |
||
| 999 |
_c7308 _d7308 |
||